LEADER 06028nam 22006852 450 001 9910452753003321 005 20151005020621.0 010 $a1-316-08961-4 010 $a1-107-24840-X 010 $a1-107-24757-8 010 $a1-139-06142-9 010 $a1-107-25089-7 010 $a1-107-25006-4 010 $a1-107-24923-6 035 $a(CKB)2550000001095250 035 $a(EBL)1357338 035 $a(OCoLC)858762279 035 $a(SSID)ssj0000877399 035 $a(PQKBManifestationID)11465853 035 $a(PQKBTitleCode)TC0000877399 035 $a(PQKBWorkID)10907746 035 $a(PQKB)10031001 035 $a(UkCbUP)CR9781139061421 035 $a(MiAaPQ)EBC1357338 035 $a(Au-PeEL)EBL1357338 035 $a(CaPaEBR)ebr10718568 035 $a(CaONFJC)MIL501997 035 $a(EXLCZ)992550000001095250 100 $a20110414d2013|||| uy| 0 101 0 $aeng 135 $aur||||||||||| 181 $ctxt$2rdacontent 182 $cc$2rdamedia 183 $acr$2rdacarrier 200 00$aSmall cell networks $edeployment, PHY techniques, and resource management /$fedited by Tony Q.S. Quek, Singapore University of Technology and Design, Guillaume De La Roche, Mindspeed Technologies Inc., Ismail Gu?venc?, Florida International University, Marios Kountouris, Supe?lec (E?cole supe?rieure d'e?lectricite?)$b[electronic resource] 210 1$aCambridge :$cCambridge University Press,$d2013. 215 $a1 online resource (xxiii, 416 pages) $cdigital, PDF file(s) 300 $aTitle from publisher's bibliographic system (viewed on 05 Oct 2015). 311 $a1-107-01678-9 311 $a1-299-70746-7 320 $aIncludes bibliographical references and index. 327 $aCover; Contents; Contributors; Foreword; Acknowledgments; Acronyms; 1 Small cell networks overview; 1.1 Overview of small cell networks; 1.2 Technical and deployment challenges in small cell networks; 1.2.1 Self-organization; 1.2.2 Backhauling; 1.2.3 Handover; 1.2.4 Interference; 1.3 Overview of contributions in the book; References; 2 Fundamentals of access control in femtocells; 2.1 Access control in femtocell deployments; 2.2 System model; 2.2.1 Channel model and interference characterization; 2.2.2 Femtocell coverage and cell association; 2.2.3 Resource allocation 327 $a2.3 Femtocell access control in the downlink2.3.1 Additional models for downlink analysis; 2.3.2 Coverage geographic zones; 2.3.3 Per-zone average SIR and throughput; 2.3.4 Per-tier throughput; 2.3.5 Conclusion for the downlink analysis; 2.4 Femtocell access control in the uplink; 2.4.1 Simplifications of the general system model; 2.4.2 Additional models for uplink analysis; 2.4.3 Throughput in orthogonal multiple access; 2.4.4 Throughput in non-orthogonal multiple access; 2.5 Summary and conclusions; References; 3 Coverage analysis using the Poisson point process model; 3.1 Introduction 327 $a3.2 Distribution of SINR3.2.1 Determining the CDF of SINR via simulation; 3.2.2 The role of analytic modeling; 3.3 The Poisson point process model for BS locations; 3.4 Wireless channel model; 3.4.1 Path-loss model; 3.4.2 Fading model; 3.5 Statement of the SINR calculation problem; 3.5.1 Candidate serving BSs and the serving BS; 3.5.2 Definition of SINR; 3.5.3 Marginal and joint complementary CDF (CCDF) of SINR; 3.5.4 Canonical form of joint CCDF; 3.5.5 Specifying the location of the UE; 3.6 Effectiveness of the PPP model for analysis; 3.6.1 A basic result 327 $a3.6.2 Key advantage of the PPP model: calculating LZ(s)3.6.3 Determining when a Z-matrix is an M-matrix; 3.7 Expressions for joint and marginal CCDF of SINR; 3.7.1 Joint CCDF: candidate serving BS is ``nearest''; 3.7.2 Joint CCDF: candidate serving BS is ``strongest''; 3.7.3 Implications for system design; 3.7.4 Marginal CCDF for different selection criteria for the serving BS; 3.8 Application: camping probability in a macro-femto network; 3.8.1 BS location model; 3.8.2 Path-loss model; 3.8.3 UE camping and outage criteria; 3.8.4 Probability that a UE can camp on a macro BS 327 $a3.8.5 Probability that a UE can camp on an OA femto BS3.8.6 Probability that a UE can camp on a macro BS or an OA femto BS; 3.8.7 Numerical results and discussion; 3.9 Comparison between results for ``regular'' and PPP layouts; 3.9.1 Comparison of SIR distributions for PPP and regular BS layouts; 3.9.2 Comparison of achievable rates to UEs for the PPP and regular BS location models; 3.10 Conclusions; References; 4 Interference modeling for cognitive femtocells; 4.1 Introduction; 4.2 Stochastic geometry; 4.3 System model; 4.3.1 Activity protocols of the femtocell network users 327 $a4.3.2 Interference model 330 $aThis comprehensive resource explores state-of-the-art advances in the successful deployment and operation of small cell networks. A broad range of technical challenges, and possible solutions, are addressed, including practical deployment considerations and interference management techniques, all set within the context of the most recent cutting-edge advances. Key aspects covered include 3GPP standardisation, applications of stochastic geometry, PHY techniques, MIMO techniques, handover and radio resource management, including techniques designed to make the best possible use of the available spectrum. Detailed technical information is provided throughout, with a consistent emphasis on real-world applications. Bringing together world-renowned experts from industry and academia, this is an indispensable volume for researchers, engineers and systems designers in the wireless communication industry. 606 $aCell phone systems 606 $aLow power radio 615 0$aCell phone systems. 615 0$aLow power radio. 676 $a621.3845/6 702 $aQuek$b Tony Q. S. 801 0$bUkCbUP 801 1$bUkCbUP 906 $aBOOK 912 $a9910452753003321 996 $aSmall cell networks$92452156 997 $aUNINA LEADER 04898nam 22004575 450 001 996582045403316 005 20240306015011.0 010 $a9783111340920 024 7 $a10.1515/9783111340920 035 $a(CKB)30574010400041 035 $a(DE-B1597)665060 035 $a(DE-B1597)9783111340920 035 $a(EXLCZ)9930574010400041 100 $a20240306h20242024 fg 101 0 $ager 135 $aur||||||||||| 181 $ctxt$2rdacontent 182 $cc$2rdamedia 183 $acr$2rdacarrier 200 10$aKrankheit und Gesundheit in der späten Philosophie Friedrich Nietzsches $eEine psychophysiologische Analyse des Leibes und des dionysischen Künstlers /$fMarina Silenzi 210 1$aBerlin ;$aBoston : $cDe Gruyter, $d[2024] 210 4$d©2024 215 $a1 online resource (VIII, 318 p.) 225 0 $aMonographien und Texte zur Nietzsche-Forschung ,$x1862-1260 ;$v80 311 08$a9783111340890 327 $tFrontmatter -- $tDanksagung -- $tInhalt -- $tEinleitung -- $tTeil I: Die Vorreden von 1886/1887 im interrelationalen Dialog aus der Krankheitsund Gesundheitsperspektive -- $t1.1 Erste Annäherung an die Vorreden von 1886/1887: Gründe und Genese -- $t1.2 Zweite Annäherung an die Vorreden von 1886/1887: Die Genese der späten Konzeption von "Krankheit" und "Gesundheit" -- $t1.3 Der "Pessimismus" und die "Romantik" im Verlauf von Nietzsches Philosophie -- $tTeil II: Die relationalen Krankheits- und Gesundheitsprozesse im Interpretationszirkel -- $t2.1 Genealogie und Funktionsweise der organischen Welt. Leibliche Prozesse, Hierarchien und Selbstregulierung -- $t2.2 Die instinktive Reaktion gegen die Krankheit -- $t2.3 Das physiologische Erbmaterial -- $t2.4 Von der Krankheit des Ich zur Krankheit des Leibes: Das Ich als motivierende Ursache der leiblichen Krankheit -- $t2.5 Erschöpfung und Rausch als Folgen der Krankheit -- $t2.6 Der Pessimismus der décadence: Wagners Figur im Jahr 1888 -- $t2.7 Ein Versuch, Krankheit und Gesundheit zu definieren -- $t2.8 Die Gesundheit und die selbstanalytische Übung -- $t2.9 Die Hintergründe der Mottos in "Die Fröhlichen Wissenschaft": Sanctus Januarius und das Motto der neuen Ausgabe von 1887 -- $tTeil III: Die ästhetisch-dionysische Welt im späten Nietzsche -- $t3.1 Das Dionysische als Äußerung der Natur: Von der metaphysischen Auflösung zur Behauptung der Individuation im Bereich der Gesundheit -- $t3.2 Zu Nietzsches später Interpretation des dionysischen Künstlers -- $tSchluss -- $tAnhang -- $tLiteraturverzeichnis -- $tNamensregister -- $tSachregister 330 $aDie Hauptthese dieses Buches ist es, Krankheit und Gesundheit mit Nietzsche auf zwei verschiedenen Ebenen zu denken, nämlich als Ereignisse des Willens zur Macht in einem zirkulär-relationalen Modell, in dem sie sich gegenseitig behaupten, sowie die Metaebene der Konzeptualisierung anzuerkennen. Es behandelt die Schwierigkeit des begrifflichen Denkens, diese Ereignisse einzuholen, und diskutiert kritisch Modellbildungen, die darauf hinauslaufen, dass Krankheit zu überwinden und als lineares singuläres Ereignis zu verstehen sei. In Nietzsches Spätwerk wird die Figur des "dionysischen Künstlers" als Idealisierung der Gesundheit gemäß seiner interpretierenden Sichtweise der Welt dargestellt. Die Relevanz des Buches liegt darin, eine Analyse der Begriffe von Gesundheit und Krankheit (tragischer und schlechter Pessimismus) in direkter Beziehung zu leiblichen Vorgängen vorzulegen, die sich von metaphysisch-dialektischen Voraussetzungen befreit. Zu diesem Zweck widmet die Untersuchung sich einer intertextuellen Lektüre der fünf Vorreden, die Nietzsche 1886/87 zu seinen früheren Schriften verfasste, und verknüpft sie mit der Interpretation des Nachlasses und weiterer Veröffentlichungen aus seiner letzten Schaffensphase. 330 $aThis book explores the concepts of sickness and health in Nietzsche's late philosophy, showing that Nietzsche viewed these concepts not as dialectical opposites but as events that each assert themselves and merge into each other in a constant circular motion. Nietzsche thereby brought together philosophy, psychophysiology, and aesthetics: the "Dionysian artist" thus became the ideal of a healthy life. 606 $aPHILOSOPHY / History & Surveys / Modern$2bisacsh 610 $aNietzsche, Friedrich. 610 $aaesthetics. 610 $acircular-relational model of health. 610 $apessimism. 615 7$aPHILOSOPHY / History & Surveys / Modern. 700 $aSilenzi$b Marina, $4aut$4http://id.loc.gov/vocabulary/relators/aut$01733166 712 02$aSchweizerischer Nationalfonds (SNF)$4fnd$4http://id.loc.gov/vocabulary/relators/fnd 801 0$bDE-B1597 801 1$bDE-B1597 912 $a996582045403316 996 $aKrankheit und Gesundheit in der späten Philosophie Friedrich Nietzsches$94148407 997 $aUNISA